The works of John Adams, second president of the United States : with a life of the author, notes and illustrations /

Bibliographic Details
Main Author: Adams, John, 1735-1826
Other Authors: Adams, Charles Francis, 1807-1886
Format: Book
Language:English
Published: Boston : Little, Brown and company [etc.], 1850-56 [v.1, '56]
Subjects:

MARC

Tag First Indicator Second Indicator Subfields
LEADER 00000cam a2200000 4500
001 in00000061608
005 20151008050554.0
008 760224m18501856maucfh 00000 engs
010 |a  08019755  
035 |a (OCoLC)02011386 
035 |9 AAG1859AM 
040 |a DLC  |c ABC  |d TXA  |d UtOrBLW 
049 |a TXAM  |v 1 [359533]  |v 2 [359534]  |v 3 [359535]  |v 4 [359536]  |v 5 [359537]  |v 6 [359538]  |v 7 [359539]  |v 8 [359540]  |v 9 [359541]  |v 10 [359542] 
050 0 0 |a E302  |b .A26 
092 |a 308  |b A214l 
100 1 |a Adams, John,  |d 1735-1826. 
245 1 4 |a The works of John Adams, second president of the United States :  |b with a life of the author, notes and illustrations /  |c by his grandson Charles Francis Adams. 
264 1 |a Boston :  |b Little, Brown and company [etc.],  |c 1850-56 [v.1, '56] 
300 |a 10 volumes :  |b frontispiece (volumes1-2,5,7-10) plates, portraits, facsimiles (part folded) ;  |c 23 cm. 
336 |a text  |b txt  |2 rdacontent 
337 |a unmediated  |b n  |2 rdamedia 
338 |a volume  |b nc  |2 rdacarrier 
500 |a Volumes 2-6 have imprint: Boston, C.C. Little and J. Brown. 
500 |a "Three hundred copies printed on large paper."--Sabin, Bibl. amer., volume 1, number253. 
651 0 |a United States  |x Politics and government  |y 1775-1783. 
651 0 |a United States  |x Politics and government  |y 1783-1865. 
700 1 |a Adams, Charles Francis,  |d 1807-1886. 
999 |a MARS 
999 f f |s 5fa45687-2b4f-322c-9034-ce50bfac3fb7  |i 352050e6-c88d-31b6-90e0-35a4411fca4a  |t 0 
952 f f |p ric  |a Texas A&M University  |b Rellis Campus  |c Joint Library Facility  |d Remote Storage  |t 0  |e E302 .A26  |h Library of Congress classification  |i unmediated -- volume  |k v.2  |m A14800646285 
952 f f |p ric  |a Texas A&M University  |b Rellis Campus  |c Joint Library Facility  |d Remote Storage  |t 0  |e E302 .A26  |h Library of Congress classification  |i unmediated -- volume  |k v.6  |m A14800646324 
952 f f |p ric  |a Texas A&M University  |b Rellis Campus  |c Joint Library Facility  |d Remote Storage  |t 0  |e E302 .A26  |h Library of Congress classification  |i unmediated -- volume  |k v.9  |m A14800646358 
952 f f |p ric  |a Texas A&M University  |b Rellis Campus  |c Joint Library Facility  |d Remote Storage  |t 0  |e E302 .A26  |h Library of Congress classification  |i unmediated -- volume  |k v.10  |m A14800646366 
952 f f |p ric  |a Texas A&M University  |b Rellis Campus  |c Joint Library Facility  |d Remote Storage  |t 0  |e E302 .A26  |h Library of Congress classification  |i unmediated -- volume  |k v.7  |m A14800646332 
952 f f |p ric  |a Texas A&M University  |b Rellis Campus  |c Joint Library Facility  |d Remote Storage  |t 0  |e E302 .A26  |h Library of Congress classification  |i unmediated -- volume  |k v.1  |m A14800646277 
952 f f |p ric  |a Texas A&M University  |b Rellis Campus  |c Joint Library Facility  |d Remote Storage  |t 0  |e E302 .A26  |h Library of Congress classification  |i unmediated -- volume  |k v.4  |m A14800646308 
952 f f |p ric  |a Texas A&M University  |b Rellis Campus  |c Joint Library Facility  |d Remote Storage  |t 0  |e E302 .A26  |h Library of Congress classification  |i unmediated -- volume  |k v.5  |m A14800646316 
952 f f |p ric  |a Texas A&M University  |b Rellis Campus  |c Joint Library Facility  |d Remote Storage  |t 0  |e E302 .A26  |h Library of Congress classification  |i unmediated -- volume  |k v.3  |m A14800646293 
952 f f |p ric  |a Texas A&M University  |b Rellis Campus  |c Joint Library Facility  |d Remote Storage  |t 0  |e E302 .A26  |h Library of Congress classification  |i unmediated -- volume  |k v.8  |m A14800646340 
998 f f |a E302 .A26  |s v.7-8  |t 0  |l Remote Storage 
998 f f |a E302 .A26  |s v.9-10  |t 0  |l Remote Storage